Formel 1 Fahrer 2026 - Statistiken

Allgemein
  • Dieses Quiz wurde 192 mal gespielt
  • Das Durchschnittsergebnis liegt bei 18 aus 22
Antwortstatistiken
Team Fahrer % Korrekt
McLaren Lando Norris
98%
Red Bull Max Verstappen
98%
Ferrari Lewis Hamilton
97%
McLaren Oscar Piastri
94%
Mercedes Kimi Antonelli
92%
Ferrari Charles Leclerc
91%
Audi Nico Hülkenberg
89%
Mercedes George Russell
86%
Aston Martin Fernando Alonso
85%
Williams Carlos Sainz
83%
Red Bull Isack Hadjar
80%
Aston Martin Lance Stroll
79%
Cadillac Valtteri Bottas
78%
Cadillac Sergio Perez
76%
Alpine Pierre Gasly
74%
Racing Bulls Liam Lawson
72%
Haas Esteban Ocon
70%
Haas Oliver Bearman
70%
Williams Alexander Albon
69%
Audi Gabriel Bortoleto
66%
Alpine Franco Colapinto
63%
Racing Bulls Arvid Lindblad
60%
Keine übereinstimmenden Quizze gefunden
Verteilung der Resultate
Anzahl Personen mit jedem Resultat
Perzentil nach korrekt beantworteten Fragen
Ihre Resultats-Entwicklung
Sie haben dieses Quiz noch nicht gespielt